LDR 00952naa#a2200169#i#450# 001 RU\\bibl\122177 005 20260606160314.6 011 ## _a2414-3995 100 ## _a20260311b2026####ek#y0rusy0150####ca 102 ## _aRU 200 1# _aСовременные подходы к подготовке специалистов по информационной безопасности для правоохранительных органов Российской Федерации _eЖурнальная статья 210 1# _aМосква _cМосковский университет МВД России имени В.Я. Кикотя _d2026 215 ## _a3 с. 608 ## _aЖурнальная статья _2local 675 ## _aУголовное право. Уголовное судопроизводство. Криминология. Криминалистика. 343 _z 700 #1 _aГринько _gСергей Дмитриевич 856 4# _amosumvd.editorum.ru _u